00375nam a2200121Ia 4500008004100000040001600041041001200057082001600069100001800085245009700103260003600200300001700236230917s9999||||xx |||||||||||||| ||und|| e10032aMAIN aEnglish a515.7 H496R aHewitt, Edwin 0aReal and abstract analysis: A modern treatment of the theory of functions of a real variable aNew YorkbSpringer-Verlagc1965 aviii, 476 p.